Bernard Roukhomovsky, Jessica Desclaux and Élodie Dufour (eds.). Les Cahiers d’Henri de Régnier. Enjeux éditoriaux et perspectives critiques. Paris, Classiques Garnier, coll. “Rencontres”, 2023, 344 pages. (notice n° 1614761)
[ vue normale ]
| 000 -LEADER | |
|---|---|
| fixed length control field | 01473cam a2200157 4500500 |
| 005 - DATE AND TIME OF LATEST TRANSACTION | |
| control field | 20260111070003.0 |
| 041 ## - LANGUAGE CODE | |
| Language code of text/sound track or separate title | fre |
| 042 ## - AUTHENTICATION CODE | |
| Authentication code | dc |
| 100 10 - MAIN ENTRY--PERSONAL NAME | |
| Personal name | Mortelette, Yann |
| Relator term | author |
| 245 00 - TITLE STATEMENT | |
| Title | Bernard Roukhomovsky, Jessica Desclaux and Élodie Dufour (eds.). Les Cahiers d’Henri de Régnier. Enjeux éditoriaux et perspectives critiques. Paris, Classiques Garnier, coll. “Rencontres”, 2023, 344 pages. |
| 260 ## - PUBLICATION, DISTRIBUTION, ETC. | |
| Date of publication, distribution, etc. | 2025.<br/> |
| 500 ## - GENERAL NOTE | |
| General note | 66 |
| 520 ## - SUMMARY, ETC. | |
| Summary, etc. | The similarities between Béatrix and La Muse du département are significant: Balzac’s two novels show female characters struggling with literary creation and construct their representations with reference to the guiding personalities Germaine de Staël and George Sand. The different way they are depicted allows them to be seen as complementary: the situation of women writers is treated from the point of view either of the exception (Camille Maupin in Béatrix) or the rule (Dinah de La Baudraye in La Muse du département). The two novels can be read as a way of challenging the authority of the “Code-Homme”, an expression used in La Muse du département to refer to the language used by men when talking about women. In these novels, Balzac plays with this code and therefore loosens it, by revealing it as a code. |
| 786 0# - DATA SOURCE ENTRY | |
| Note | Romantisme | 206 | 4 | 2025-01-03 | p. 148-150 | 0048-8593 |
| 856 41 - ELECTRONIC LOCATION AND ACCESS | |
| Uniform Resource Identifier | <a href="https://shs.cairn.info/journal-romantisme-2024-4-page-148?lang=en&redirect-ssocas=7080">https://shs.cairn.info/journal-romantisme-2024-4-page-148?lang=en&redirect-ssocas=7080</a> |
Pas d'exemplaire disponible.




Réseaux sociaux